000
00316 a2200109 4500
001
ART_41160
005
20260410161952.0
008
260409a
245
1
0
_a
El concurso del consumidor
100
1
_a
Dasso, Ariel A.
773
0
_t
Temas de derecho comercial
_g
- Año 3, Nº 2 (feb. 2017)
_w
REV28151
999
_c
30508
_d
30508